00940cam a2200205 a 450000100100000000500170001000800410002702000150006804000250008308200200010810000180012824501110014626002280025730000210048549000630050650000370056970000340060670000290064083000650066900002500020200930023511.0901219s1992 ck 000 | spa d a9586120864 aDO-SdBNPbspacBNPHU a910.09861bP7841 aPombo, Manuel10aDe Medellín a Bogotá /cManuel Pombo ; prólogo José Olinto Rueda ;traducción Gregorio Obregón. aBogotá, (Colombia) :bRepública de Colombia, Nación-Presidencia de la República :bComisión Preparatoria para el V Centenario del Descubrimiento de América :bInstituto Colombiano de Cultura (Colcultura),c1992. a174 p. ;c24 cm.1 aBiblioteca V Centenario Colcultura. Viajeros por Colombia. aIncluye nota al pie de páginas1 aOlinto Rueda, Joséepról.1 aObregón, Gregorioetr. 0aBiblioteca V Centenario Colcultura ;pViajeros por Colombia.